[Event "Challenge"]
[Site "http://www.queenalice.com/game.php?id=689298"]
[Date "2009.11.26"]
[Round "-"]
[White "neofito"]
[Black "Ponce"]
[Result "0-1"]
[WhiteElo "1723"]
[BlackElo "1530"]

1. e4 c5 2. Nf3 Nc6 3. d4 Qb6 4. c3 d6 5. Bc4 e5 6. d5 Nce7 7. O-O h6 8. b3 Bg4
9. h3 Bxf3 10. Qxf3 Ng6 11. Be3 Qc7 12. Bb5+ Kd8 13. Nd2 Nf6 14. Bg5 hxg5 15.
Qf5 a6 16. Be2 Nh7 17. Nf3 Qd7 18. Qxd7+ Kxd7 19. Rab1 Be7 20. b4 Nf4 21. Bd1 f5
22. exf5 Nf6 23. Nxg5 N4xd5 24. c4 Nxb4 25. Bf3 e4 26. Bxe4 Nxe4 27. Nxe4 Rh4
28. Nd2 Rf4 29. g4 Bh4 0-1

[Event "Challenge"]
[Site "http://www.queenalice.com/game.php?id=718204"]
[Date "2010.1.22"]
[Round "-"]
[White "neofito"]
[Black "hanzcheng"]
[Result "1-0"]
[WhiteElo "1669"]
[BlackElo "1733"]

1. e4 c5 2. Nf3 e6 3. d4 cxd4 4. Nxd4 a6 5. Nc3 Qc7 6. g3 Nc6 7. Bg2 Bb4 8. Qd3
Nge7 9. O-O Ng6 10. a3 Bxc3 11. Qxc3 O-O 12. Re1 b6 13. e5 1-0

[Event "Challenge"]
[Site "http://www.queenalice.com/game.php?id=729322"]
[Date "2010.2.10"]
[Round "-"]
[White "nuage"]
[Black "neofito"]
[Result "1-0"]
[WhiteElo "1430"]
[BlackElo "1670"]

1. e4 c5 2. c3 d6 3. Bb5+ Nd7 4. Ne2 a6 5. Bc4 e6 6. d3 Ngf6 7. O-O g6 8. Bg5
Bg7 9. Nd2 O-O 10. Nf4 Ne5 11. d4 Nxc4 12. Nxc4 Nxe4 13. Bxd8 Rxd8 14. Nb6 Rb8
15. Re1 d5 16. dxc5 Nxc5 17. b4 Ne4 18. c4 Bxa1 19. Qxa1 dxc4 20. Rxe4 1-0

[Event "AUTO-INT-1615"]
[Site "http://www.queenalice.com/game.php?id=733550"]
[Date "2010.2.17"]
[Round "1"]
[White "neofito"]
[Black "altair"]
[Result "0-1"]
[WhiteElo "1631"]
[BlackElo "1713"]

1. e4 e5 2. Nf3 d6 3. d4 exd4 4. Nxd4 h6 5. Bc4 c6 6. O-O Nf6 7. Nc3 b5 8. Bd3
Be7 9. Nf5 O-O 10. Re1 Bxf5 11. exf5 b4 12. Ne4 d5 13. Nxf6+ Bxf6 14. Qg4 Kh8
15. Qh5 Nd7 16. Rb1 Bg5 17. Bxg5 Qxg5 18. Qxg5 hxg5 19. g3 f6 20. a3 Ne5 21. Be2
bxa3 22. bxa3 Rae8 23. Red1 Nc4 24. Bh5 Re5 25. Bg4 Nxa3 26. Rdc1 Nxb1 27. Rxb1
a5 28. Ra1 Ra8 29. Kg2 Re4 30. f3 Re2+ 31. Kh3 Rxc2 0-1

[Event "AUTO-INT-1615"]
[Site "http://www.queenalice.com/game.php?id=733551"]
[Date "2010.2.17"]
[Round "1"]
[White "altair"]
[Black "neofito"]
[Result "1-0"]
[WhiteElo "1717"]
[BlackElo "1644"]

1. e4 e5 2. Nf3 Nc6 3. Bb5 a6 4. Bxc6 bxc6 5. d3 d6 6. Nc3 Nf6 7. h3 d5 8. Bd2
Bb4 9. Nxe5 Be6 10. Nxc6 Qd6 11. Nxb4 Qxb4 12. Nxd5 Qb7 13. Nxf6+ gxf6 14. Bc3
O-O-O 15. Bxf6 Kb8 16. Bxh8 Rxh8 17. b3 Rg8 18. g4 f5 19. gxf5 Bxf5 20. Qh5 Bxe4
21. dxe4 Qxe4+ 22. Kd2 Rd8+ 23. Kc1 Qxh1+ 24. Kb2 Qe4 25. Rc1 Qd4+ 26. Kb1 Qe4
27. Qh6 Kb7 28. f4 Rd6 29. Qh4 Re6 30. Qg3 1-0

[Event "AUTO-INT-1615"]
[Site "http://www.queenalice.com/game.php?id=733552"]
[Date "2010.2.17"]
[Round "1"]
[White "neofito"]
[Black "burnnes"]
[Result "0-1"]
[WhiteElo "1688"]
[BlackElo "1630"]

1. e4 e5 2. Nf3 Nc6 3. d4 d5 4. Nc3 Bb4 5. Bd2 exd4 6. Nxd5 Bxd2+ 7. Qxd2 Nf6 8.
Nxf6+ Qxf6 9. O-O-O Be6 10. Nxd4 Nxd4 11. Qxd4 Qg5+ 12. Kb1 Rd8 13. Qxd8+ Qxd8
14. Rxd8+ Kxd8 15. Bd3 Ke7 0-1

[Event "AUTO-INT-1615"]
[Site "http://www.queenalice.com/game.php?id=733553"]
[Date "2010.2.17"]
[Round "1"]
[White "burnnes"]
[Black "neofito"]
[Result "1-0"]
[WhiteElo "1628"]
[BlackElo "1638"]

1. e4 c5 2. e5 Nc6 3. Nf3 d6 4. Bb5 Bd7 5. exd6 exd6 6. d4 a6 7. Ba4 b5 8. Bb3
c4 9. d5 cxb3 10. axb3 Ne5 11. Bf4 Nf6 12. Nxe5 dxe5 13. Bxe5 Qe7 14. Qd4 Ng4
15. f4 f6 16. O-O fxe5 17. fxe5 Qxe5 18. Qxe5+ Nxe5 19. Re1 Bd6 20. Nc3 O-O 21.
Ne4 Bb4 22. c3 Ba5 23. Nc5 Bb6 24. b4 Bxc5+ 25. bxc5 Nd3 26. Re3 Nxb2 27. Rae1
Rac8 28. c6 Bxc6 29. dxc6 Rxc6 30. R1e2 Nc4 31. Re7 a5 32. h4 a4 33. Rb7 Rc5 34.
g4 h6 35. Ree7 1-0

[Event "Challenge"]
[Site "http://www.queenalice.com/game.php?id=757015"]
[Date "2010.4.6"]
[Round "-"]
[White "neofito"]
[Black "Sonia"]
[Result "1/2-1/2"]
[WhiteElo "1618"]
[BlackElo "1607"]

1. e4 e5 2. Nf3 Nc6 3. d4 Nf6 4. Nc3 Bb4 5. Qd3 O-O 6. Bd2 d5 7. O-O-O Bg4 8.
Be2 dxe4 9. Nxe4 Bxd2+ 10. Nexd2 Nxd4 11. Nxd4 exd4 12. f3 Be6 13. Ne4 Nxe4 14.
Qxe4 Qg5+ 15. f4 Qf5 16. Rxd4 c6 17. Qxf5 Bxf5 18. Bd3 Bxd3 19. Rxd3 h6 20. g3
1/2-1/2

[Event "Challenge"]
[Site "http://www.queenalice.com/game.php?id=757016"]
[Date "2010.4.6"]
[Round "-"]
[White "Sonia"]
[Black "neofito"]
[Result "0-1"]
[WhiteElo "1573"]
[BlackElo "1618"]

1. e4 c5 2. Bc4 e6 3. Nf3 d6 4. d4 d5 5. exd5 exd5 6. Qe2+ Be7 7. Bb5+ Bd7 8.
Ne5 Nc6 9. Qf3 Qa5+ 10. Nc3 cxd4 11. Nxf7 Kf8 12. Nd6+ Nf6 13. Nxb7 Qb6 14. Nxd5
Qxb5 15. Nxe7 Re8 16. Bg5 Rxe7+ 17. Kd2 Qxg5+ 18. Kd3 Bf5+ 19. Kc4 Ne5+ 20. Kxd4
Nxf3+ 21. gxf3 Rxb7 22. Kc3 Kf7 23. Rhd1 Rc8+ 24. Kd4 Qf4# 0-1

[Event "AUTO-INT-1704"]
[Site "http://www.queenalice.com/game.php?id=778470"]
[Date "2010.5.20"]
[Round "1"]
[White "HelterSkelter"]
[Black "neofito"]
[Result "0-1"]
[WhiteElo "1405"]
[BlackElo "1595"]

1. e4 e5 2. Nf3 Nc6 3. Bb5 a6 4. Bd3 Nf6 5. Nc3 Bc5 6. O-O O-O 7. Nd5 Nxd5 8.
exd5 Nd4 9. Nxd4 Bxd4 10. c3 Bc5 11. b4 Bd6 12. c4 Bxb4 13. a3 Bc5 14. Bb2 Qf6
15. Qf3 Qxf3 16. gxf3 d6 17. Kh1 Bh3 18. Rfe1 Bxf2 19. Re4 f5 20. Re2 Bh4 21.
Re3 f4 22. Re2 Rae8 23. a4 b6 24. a5 Rb8 25. Ba3 bxa5 26. Rg1 Rb3 0-1

[Event "AUTO-INT-1704"]
[Site "http://www.queenalice.com/game.php?id=778471"]
[Date "2010.5.20"]
[Round "1"]
[White "neofito"]
[Black "HelterSkelter"]
[Result "0-1"]
[WhiteElo "1622"]
[BlackElo "1340"]

1. e4 e5 2. Nf3 Nc6 3. d4 exd4 4. Nxd4 Nxd4 5. Qxd4 d6 6. Bd3 Nf6 7. O-O Be7 8.
Nc3 O-O 9. Bg5 h6 10. Bxf6 Bxf6 11. Qc4 Be6 12. Qb4 b6 13. h3 c5 14. Qb5 a6 15.
Qc6 Rb8 16. Bxa6 b5 17. Nxb5 Bd7 0-1

[Event "AUTO-INT-1704"]
[Site "http://www.queenalice.com/game.php?id=778488"]
[Date "2010.5.20"]
[Round "1"]
[White "TIGER86"]
[Black "neofito"]
[Result "1-0"]
[WhiteElo "1950"]
[BlackElo "1642"]

1. d4 Nf6 2. c4 g6 3. Nc3 Bg7 4. Nf3 O-O 5. e4 d6 6. Be2 e6 7. O-O c6 8. h3 Qa5
9. Be3 Qb6 10. Qd2 Nbd7 11. e5 dxe5 12. dxe5 Ne8 13. Bxb6 Nxb6 14. Rfe1 1-0

[Event "Challenge"]
[Site "http://www.queenalice.com/game.php?id=814797"]
[Date "2010.8.7"]
[Round "-"]
[White "neofito"]
[Black "Mars"]
[Result "0-1"]
[WhiteElo "1592"]
[BlackElo "1512"]

1. e4 e5 2. Nf3 d6 3. d4 Nf6 4. Nc3 Bd7 5. dxe5 dxe5 6. Bd3 Nc6 7. O-O Bc5 8.
Be3 Bxe3 9. fxe3 Bg4 10. b3 O-O 11. h3 Bd7 12. Bc4 Be6 0-1

[Event "Challenge"]
[Site "http://www.queenalice.com/game.php?id=814798"]
[Date "2010.8.7"]
[Round "-"]
[White "Mars"]
[Black "neofito"]
[Result "1-0"]
[WhiteElo "1531"]
[BlackElo "1573"]

1. d4 Nf6 2. Nc3 d5 3. e3 Nc6 4. Be2 e5 5. Nf3 h6 6. Nxe5 Nxe5 7. dxe5 Nh7 8.
Bd2 Qg5 9. Nxd5 Qxe5 10. Bc4 Be6 11. Bc3 Qd6 12. e4 c6 13. Nf6+ 1-0